000 00305nam a2200109Ia 4500
005 20251222141757.0
008 251222s9999||||xx |||||||||||||| ||spa||
082 _a282/C81
245 0 _a"Jóvenes, Cristo los ama, Cristo los llama, Cristo los envía"
264 _bConferencia Episcopal Peruana
942 _cLIB
999 _c6038
_d6038